Violences urbaines : ascension et chute des classes moyennes a travers cinquante ans de politique de la ville

Αποθηκεύτηκε σε:
Λεπτομέρειες βιβλιογραφικής εγγραφής
Κύριος συγγραφέας: Bachmann, C.
Άλλοι συγγραφείς: Le Guennec, Nicole
Μορφή: Βιβλίο
Γλώσσα:French
Δημοσίευση: Paris : Albin Michel, c1996
Θέματα:
Ετικέτες: Προσθήκη ετικέτας
Δεν υπάρχουν, Καταχωρήστε ετικέτα πρώτοι!

MARC

LEADER 00000nam a2200000 i 4500
001 1/90779
008 991001s1996 fre d
020 |a 2-22-607980-7 
035 |l 10053262 
040 |a GR-MY-UA  |b gre  |e aacr 
041 0 |a fre 
082 0 |a 303.60944 
100 1 |a Bachmann, C. 
245 1 0 |a Violences urbaines :  |b ascension et chute des classes moyennes a travers cinquante ans de politique de la ville /  |c Christian Bachmann, Nicole Le Guennec 
260 |a Paris :   |b Albin Michel,   |c c1996 
300 |a 557 p. 
504 |a Includes bibliographical references and index 
650 0 0 |a Cities and towns  |z France. 
650 0 0 |a Sociology, Urban  |z France. 
650 0 0 |a Violence  |z France. 
650 0 0 |a Municipal government  |z France. 
650 0 0 |a Middle class  |z France. 
700 1 |a Le Guennec, Nicole. 
852 |a INST  |b LESVOS  |e 19991001  |h 303.60944 BAC  |p 005100019350  |q 005100019350  |t BK  |y 0 
901 |a BIBL1-1999-3 
909 |a Λ  |b 066643 
922 |a 1ΕΛΗ  |b 199907  |c ΚΠΣ/ΤΚ  |d ΠΑΠΑΣΩΤΗΡΙΟΥ 
950 |a 103-1998-07-27 
970 |a ΤΖΑΦΕΡΗ  |b ΕΥΑΓΓΕΛΙΑ  |z 1999/10/04